| Поле | Название | Значение |
| |
Тип записи |
a |
| |
Библиографический уровень |
m |
| 001 |
Контрольный номер |
LIBNET\0000408579 |
| 005 |
Дата корректировки |
20201206204912.8 |
| 010 |
Индекс ISBN |
__ |
| a |
ISBN |
978-5-906131-01-0 |
| d |
Цена |
138-10 |
| 100 |
Данные общей обработки |
__ |
| a |
Данные общей обработки |
19131226d2013 |||y1 y0189 ca |
| 101 |
Язык документа |
0_ |
| a |
Язык текста |
rus |
| 102 |
Страна публикации |
__ |
| a |
Страна публикации |
RU |
| 105 |
Кодированные данные (монография) |
__ |
| a |
Кодированные данные (монография) |
y zy |
| 200 |
Заглавие и сведения об ответственности |
1_ |
| a |
Заглавие |
Фехтование |
| e |
Сведения, относящиеся к заглавию |
соревновательные технологии и методики специальной тренировки |
| f |
Первые сведения об ответственности |
Д. А. Тышлер [и др.] |
| b |
Общее обозначение материала |
Текст |
| 210 |
Выходные данные |
__ |
| a |
Место издания |
Москва |
| c |
Издательство |
Человек |
| d |
Дата издания |
2013 |
| 215 |
Физическое описание |
__ |
| a |
Объем |
175 с. |
| 320 |
Библиография |
__ |
| a |
Библиография |
Библиогр.: с. 158-175 |
| 330 |
Аннотация |
__ |
| a |
Аннотация |
В монографии обобщены и проанализированы объективные предпосылки для усовершенствования соревновательных технологий, характерных для мировой практики, проблемы повышения эффективности используемых методик технико-тактической подготовки. Приведены научные данные о составах и структурах применения типовых действий и их разновидностей в условиях применения действующих правил, технологии определения победителей схваток. Проанализированы показатели специализированной деятельности в моделируемых соревнованиях с различными режимами блокирования встречных (запаздывающих) ударов или уколов в боях на саблях и другими нововведениями для боев на рапирах у квалифицированных фехтовальщиков. Представлены научные основы формирования новых соревновательных технологий и методик технико-тактического совершенствования в спортивном фехтовании, рекомендации для применения в тренировочной практике. |
| 606 |
Тематические рубрики |
__ |
| a |
Основная рубрика |
Физическая культура и спорт |
| 606 |
Тематические рубрики |
__ |
| a |
Основная рубрика |
Фехтование и рукопашный бой |
| 610 |
Ключевые слова |
__ |
| a |
Ключевые слова |
фехтование; спортивные тренировки; спортивное фехтование; фехтовальное искусство; фехтовальщики; фехтование на саблях; фехтование на рапирах; соревновательные технологии |
| 686 |
Индексы других классификаций |
__ |
| a |
Классификационный индекс |
75.716 |
| 701 |
Альтернативная интеллектуальная ответственность |
_1 |
| a |
Фамилия |
Тышлер |
| b |
Имя |
Д. А. |
| 4 |
Код отношения |
070 |
| 701 |
Альтернативная интеллектуальная ответственность |
_1 |
| a |
Фамилия |
Рожкова |
| b |
Имя |
Л. Г. |
| 4 |
Код отношения |
070 |
| 701 |
Альтернативная интеллектуальная ответственность |
_1 |
| a |
Фамилия |
Шамис |
| b |
Имя |
В. В. |
| 4 |
Код отношения |
070 |
| 701 |
Альтернативная интеллектуальная ответственность |
_1 |
| a |
Фамилия |
Колганов |
| b |
Имя |
С. Н. |
| 4 |
Код отношения |
070 |
| 801 |
Источник записи |
_0 |
| a |
Страна |
RU |
| b |
Организация |
Муниципальное бюджетное учреждение культуры "Централизованная библиотечная система" г. Сургут (Центральная городская библиотека им. А. С. Пушкина) |
| c |
Дата составления |
20131226 |
| g |
Правила каталогизации |
КиК/Котельникова |
| 801 |
Источник записи |
_1 |
| a |
Страна |
RU |
| b |
Организация |
Муниципальное бюджетное учреждение культуры "Централизованная библиотечная система" г. Сургут (Центральная городская библиотека им. А. С. Пушкина) |
| c |
Дата составления |
20131226 |
| g |
Правила каталогизации |
КиК/Котельникова |
| 852 |
Данные о местонахождении |
__ |
| j |
Шифр хранения |
75.716 |
| i |
Авторский знак |
Ф 46 |
| 901 |
Тип документа |
__ |
| t |
Тип документа |
m |
| 903 |
Характеристики (МАРС) |
__ |
| a |
Дата передачи |
20140311 |
| 990 |
Данные о заказе (DOS) |
__ |
| j |
Количество экземпляров (DOS) |
4 |
| t |
N записи в КСУ для И/У (DOS) |
201403 |